| 000 | 01353cam a22003015a 4500 | ||
|---|---|---|---|
| 001 | L158469 | ||
| 008 | 081030s2013 xxk f v 000 0 eng d | ||
| 020 | _a9781783210015 | ||
| 035 | _a(Sirsi) u158469 | ||
| 041 | 0 | _aeng | |
| 110 | 2 |
_aRoyal Institution of Chartered Surveyors _94900 |
|
| 245 | 0 | 0 |
_aDesign and specification _h[electronic resource] |
| 250 | _a1st ed. | ||
| 260 |
_aLondon _bRICS _c2013 |
||
| 300 | _a51 p. | ||
| 490 | 0 |
_aRICS Guidance Note _v(GN 110/2013) |
|
| 505 | _aIntroduction -- Design and the lead consultant -- Principles behind the role -- Design process management -- Establishing the project -- Outline design and specification -- Preparing for detailed design -- Design production -- Towards building occupation -- Bibliography -- Appendices. | ||
| 520 | _aProvides professional practitioners with best practice guidance relevant to the tasks and processes of design and specification for small to medium-size construction projects. | ||
| 521 | _aAdvanced | ||
| 590 | _aKA | ||
| 650 | 2 | 4 | _aDESIGN CONTROL |
| 650 | 2 | 4 | _aSPECIFICATIONS |
| 650 | 2 | 4 | _aLEAD CONSULTANT |
| 651 | 4 | _aUnited Kingdom | |
| 690 | _aDesign and specification | ||
| 856 | 4 | 1 |
_uhttps://www.rics.org/uk/upholding-professional-standards/sector-standards/building-control/design-and-specification/ _zAvailable on RICS.org |
| 942 |
_n0 _2ddc |
||
| 999 |
_c115331 _d115331 |
||